[Event "8th Lost Boys op"]
[Site "Amsterdam NED"]
[Date "2000.08.11"]
[Round "1"]
[White "Piket, Jeroen"]
[Black "Werle, Jan"]
[Result "1/2-1/2"]
[WhiteElo "2649"]
[BlackElo "2311"]
[EventDate "2000.08.11"]
[PlyCount "87"]

1.d4 Nf6 2.Nf3 e6 3.g3 b6 4.Bg2 Bb7 5.O-O Be7 6.c4 O-O 7.Re1 d6 8.Nc3 c5 
9.e4 cxd4 10.Nxd4 Qc8 11.Bf4 a6 12.Rc1 Nbd7 13.h3 Re8 14.Be3 Ne5 15.b3 
Nfd7 16.Re2 Bf8 17.Rd2 Nc6 18.Nde2 Nc5 19.Bf4 Rd8 20.Bxd6 Bxd6 21.Rxd6 Qc7
22.Rxd8+ Rxd8 23.Qf1 Nb4 24.Rd1 Nbd3 25.Nc1 Nxc1 26.Rxd8+ Qxd8 27.Qxc1 Qd4
28.b4 Nd3 29.Qd2 e5 30.a3 f5 31.Nd5 fxe4 32.Ne3 Qa1+ 33.Kh2 Qxa3 34.b5 a5 
35.Nd5 Bxd5 36.cxd5 Qc5 37.d6 Qd4 38.d7 Qxd7 39.Qg5 Qd4 40.Qe7 h6 41.Qe6+ 
Kf8 42.Qc8+ Ke7 43.Qc7+ Kf8 44.Bf1 1/2-1/2

[Event "8th Lost Boys op"]
[Site "Amsterdam NED"]
[Date "2000.08.11"]
[Round "1"]
[White "Nijboer, Friso"]
[Black "l`Ami, Erwin"]
[Result "1-0"]
[WhiteElo "2537"]
[BlackElo "2295"]
[EventDate "2000.08.11"]
[PlyCount "76"]

1.e4 c5 2.Nf3 d6 3.d4 cxd4 4.Nxd4 Nf6 5.Nc3 e6 6.Be2 Nc6 7.Be3 Bd7 8.Ndb5 
Qb8 9.a4 Be7 10.g4 h6 11.h4 Nb4 12.Bf4 e5 13.Be3 Bc6 14.Bf3 a6 15.Na3 b5 
16.g5 hxg5 17.hxg5 Rxh1+ 18.Bxh1 Nh7 19.Qd2 Qb7 20.O-O-O Nf8 21.Kb1 Rb8 
22.f4 exf4 23.Bxf4 Ne6 24.axb5 axb5 25.Bxd6 Rd8 26.Qh2 Na6 27.Qh8+ Nf8 28.
Bxe7 Qxe7 29.Rxd8+ Qxd8 30.e5 Bxh1 31.Qxh1 b4 32.Qc6+ Nd7 33.e6 fxe6 34.
Qxe6+ Kf8 35.Qxa6 bxc3 36.Qd6+ Kg8 37.Qd5+ Kh7 38.Nc4 cxb2 1-0

[Event "8th Lost Boys op"]
[Site "Amsterdam NED"]
[Date "2000.08.11"]
[Round "1"]
[White "Stellwagen, Daniel"]
[Black "Van der Wiel, John"]
[Result "0-1"]
[WhiteElo "2285"]
[BlackElo "2531"]
[EventDate "2000.08.11"]
[PlyCount "80"]

1.e4 c5 2.Nf3 Nc6 3.d4 cxd4 4.Nxd4 e5 5.Nb5 d6 6.c4 Be7 7.Bd3 a6 8.N5c3 
Bg5 9.Nd2 Nf6 10.O-O O-O 11.b3 Bg4 12.Be2 Be6 13.Bb2 Kh8 14.Nf3 Bh6 15.Qc2
Nb4 16.Qb1 Qc7 17.a3 Nc6 18.b4 Ne7 19.Nd5 Nfxd5 20.exd5 Bf5 21.Qd1 Ng6 22.
Re1 Rfc8 23.Bf1 f6 24.Nd2 b5 25.Rc1 Qb7 26.Rc3 Bxd2 27.Qxd2 Ne7 28.Rec1 
bxc4 29.Bxc4 Bg6 30.Bb3 Bf7 31.Rxc8+ Rxc8 32.Rxc8+ Nxc8 33.Qc2 Ne7 34.h3 
Nxd5 35.Bxd5 Bxd5 36.f3 Qc6 37.Qxc6 Bxc6 38.Kf2 Kg8 39.g3 Kf7 40.f4 Ke6 
0-1

[Event "8th Lost Boys op"]
[Site "Amsterdam NED"]
[Date "2000.08.11"]
[Round "1"]
[White "Schmaltz, Roland"]
[Black "Jens, Jelmer"]
[Result "1-0"]
[WhiteElo "2523"]
[BlackElo "2280"]
[EventDate "2000.08.11"]
[PlyCount "67"]

1.e4 c5 2.Nf3 d6 3.d4 cxd4 4.Nxd4 Nf6 5.Nc3 a6 6.f4 e6 7.Bd3 Nc6 8.Nf3 Qc7
9.O-O Be7 10.Qe1 b5 11.a3 O-O 12.b4 Nd7 13.Bb2 Bf6 14.Kh1 g6 15.Nd1 Bxb2 
16.Nxb2 Qd8 17.c4 bxc4 18.Nxc4 d5 19.Nd6 Nf6 20.e5 Ne8 21.Nxc8 Qxc8 22.Qh4
f6 23.Rac1 Qb7 24.exf6 Nxf6 25.Ng5 Rae8 26.Qh3 Nd4 27.Qe3 Nf5 28.Qe2 Qb6 
29.Rc5 h6 30.Nf3 Ng4 31.g3 g5 32.Rg1 Qd8 33.Nxg5 Nxh2 34.Nh3 1-0

[Event "8th Lost Boys op"]
[Site "Amsterdam NED"]
[Date "2000.08.11"]
[Round "1"]
[White "Leer-Salvesen, Bjarte"]
[Black "Shchekachev, Andrei"]
[Result "0-1"]
[WhiteElo "2277"]
[BlackElo "2503"]
[EventDate "2000.08.11"]
[PlyCount "156"]

1.c4 g6 2.g3 Bg7 3.Bg2 c5 4.Nf3 Nc6 5.O-O e6 6.Nc3 Nge7 7.e3 O-O 8.d4 d6 
9.b3 Re8 10.Bb2 cxd4 11.Nxd4 Nxd4 12.exd4 d5 13.cxd5 exd5 14.Re1 Be6 15.
Ne2 Qd7 16.Nf4 Bg4 17.Bf3 Bxf3 18.Qxf3 Rad8 19.Re2 Nf5 20.Rxe8+ Qxe8 21.
Nxd5 Qb5 22.Ne3 Nxd4 23.Bxd4 Rxd4 24.Rd1 h5 25.h4 Qa6 26.Rxd4 Bxd4 27.Qe4 
Qb6 28.Kg2 Bxe3 29.fxe3 Qb5 30.Qc2 Qd5+ 31.Kf2 Kf8 32.e4 Qd4+ 33.Kf3 Kg7 
34.Qc4 Qd1+ 35.Kf2 Qd2+ 36.Kf3 Qd6 37.a4 a5 38.Qb5 b6 39.Qc4 Kf6 40.Qc3+ 
Ke7 41.Qc4 Qf6+ 42.Ke3 Qe5 43.Kf3 Qd6 44.Qb5 Qd4 45.e5 Qd1+ 46.Kf2 Qd2+ 
47.Kf3 Qd4 48.Kg2 Qe4+ 49.Kf2 Qd4+ 50.Kf3 Kf8 51.Kg2 Qe3 52.Qd5 Qe2+ 53.
Kg1 Qe3+ 54.Kg2 Kg7 55.Qb5 Qe4+ 56.Kf2 Qf5+ 57.Kg2 Qe6 58.Kf3 Kh6 59.Qc4 
Qd7 60.Qf4+ Kh7 61.Qc4 Kg7 62.Qb5 Qe6 63.Kf2 g5 64.hxg5 Kg6 65.Kg2 Kxg5 
66.Qf1 Kg6 67.Qd3+ Kg7 68.Qb5 Kh6 69.Kh2 Kg7 70.Kg2 Qg6 71.Qc4 Qf5 72.Qc3 
Qe4+ 73.Kf2 Kg6 74.Kg1 Kg5 75.Kf2 Kg4 76.e6 fxe6 77.Qg7+ Kh3 78.Qg5 Qg2+ 
0-1

[Event "8th Lost Boys op"]
[Site "Amsterdam NED"]
[Date "2000.08.11"]
[Round "1"]
[White "Rubingh, Otto"]
[Black "Meijers, Viesturs"]
[Result "0-1"]
[WhiteElo "2264"]
[BlackElo "2478"]
[EventDate "2000.08.11"]
[PlyCount "66"]

1.d4 d5 2.Nf3 Nf6 3.Bf4 e6 4.e3 Bd6 5.Ne5 O-O 6.Bd3 c5 7.c3 Nc6 8.Nxc6 
bxc6 9.Bxd6 Qxd6 10.O-O Rb8 11.b3 e5 12.Nd2 Re8 13.Rc1 Bg4 14.dxe5 Rxe5 
15.Be2 Bxe2 16.Qxe2 Rbe8 17.Rfd1 Rh5 18.Nf1 Rg5 19.c4 h5 20.cxd5 cxd5 21.
Qb5 Nd7 22.Qa4 a6 23.Qf4 Qg6 24.g3 Rf5 25.Qa4 Re7 26.e4 Rf4 27.Rxd5 Rfxe4 
28.Qa5 Kh7 29.Rcd1 Qg4 30.Qc3 Ne5 31.Qxc5 g6 32.Qc3 Re2 33.Rd8 Qf5 0-1

[Event "8th Lost Boys op"]
[Site "Amsterdam NED"]
[Date "2000.08.11"]
[Round "1"]
[White "Van der Weide, Karel"]
[Black "Soderberg, Per"]
[Result "1-0"]
[WhiteElo "2467"]
[BlackElo "2261"]
[EventDate "2000.08.11"]
[PlyCount "99"]

1.e4 c5 2.Nf3 d6 3.d4 cxd4 4.Nxd4 Nf6 5.Nc3 a6 6.f4 e6 7.Qf3 Qc7 8.Bd3 Nc6
9.Nxc6 Qxc6 10.g4 b5 11.g5 Nd7 12.Be3 Bb7 13.a3 Nc5 14.f5 O-O-O 15.O-O-O 
Kb8 16.Kb1 Nxd3 17.cxd3 d5 18.exd5 exd5 19.Qf4+ Bd6 20.Qd4 Rhe8 21.Qa7+ 
Kc8 22.Rc1 Bb8 23.Nxb5 Bxa7 24.Nxa7+ Kd7 25.Nxc6 Bxc6 26.Bd4 Bb5 27.Rcd1 
Re2 28.h4 Rc8 29.Ka2 g6 30.fxg6 hxg6 31.Rhf1 Ke8 32.Rfe1 Rc2 33.Kb3 Kd7 
34.Rxe2 Rxe2 35.a4 Bc6 36.Rf1 Ke8 37.Rf6 Bb7 38.Rb6 Re7 39.Bc5 Rc7 40.d4 
Kd8 41.Kb4 Kc8 42.Rf6 Rd7 43.Ka5 Rc7 44.b4 Rd7 45.Rxa6 Bxa6 46.Kxa6 Rb7 
47.b5 Rc7 48.b6 Rxc5 49.dxc5 d4 50.Ka7 1-0

[Event "8th Lost Boys op"]
[Site "Amsterdam NED"]
[Date "2000.08.11"]
[Round "1"]
[White "Rebers, Eugene"]
[Black "Bosboom, Manuel"]
[Result "1/2-1/2"]
[WhiteElo "2257"]
[BlackElo "2455"]
[EventDate "2000.08.11"]
[PlyCount "99"]

1.c4 g6 2.g3 Bg7 3.Bg2 Nc6 4.Nc3 a6 5.e3 b5 6.d4 bxc4 7.Qa4 Bb7 8.Nf3 a5 
9.O-O e6 10.Re1 Nb4 11.Ne5 Bxg2 12.Kxg2 Bxe5 13.dxe5 Ra6 14.Rd1 Qa8+ 15.e4
Qc6 16.Bf4 h6 17.h4 Ne7 18.b3 Qxa4 19.Nxa4 Rc6 20.Rac1 cxb3 21.axb3 Rxc1 
22.Rxc1 Nec6 23.Nc5 Rg8 24.Bxh6 Nxe5 25.Bf4 f6 26.Bxe5 fxe5 27.Rd1 Rg7 28.
Ra1 Nc6 29.Nb7 d6 30.Nxa5 Nd4 31.Rd1 Kd7 32.f4 Nc2 33.Rd2 Ne1+ 34.Kf2 exf4
35.gxf4 Rf7 36.Kxe1 Rxf4 37.Re2 Rxh4 38.Kd2 d5 39.exd5 exd5 40.Rg2 Rh6 41.
b4 c6 42.Kd3 Kc7 43.Rc2 g5 44.b5 Rh3+ 45.Kd4 Rh4+ 46.Ke5 Re4+ 47.Kf5 c5 
48.Rxc5+ Kb6 49.Rxd5 Rb4 50.Kxg5 1/2-1/2

[Event "8th Lost Boys op"]
[Site "Amsterdam NED"]
[Date "2000.08.11"]
[Round "1"]
[White "Ramesh, Ramachandran"]
[Black "Van der Hoeven, Gert-Jan"]
[Result "1-0"]
[WhiteElo "2450"]
[BlackElo "2251"]
[EventDate "2000.08.11"]
[PlyCount "93"]

1.e4 d6 2.d4 Nf6 3.Nc3 g6 4.Be3 c6 5.Qd2 Nbd7 6.Nf3 e5 7.h3 Qe7 8.Bd3 Bg7 
9.Bh6 O-O 10.Bxg7 Kxg7 11.O-O Nh5 12.Rac1 h6 13.Ne2 Kh7 14.c3 Re8 15.Nh2 
Qg5 16.f4 exf4 17.Nxf4 Ng3 18.Rf3 Nf6 19.h4 Ngxe4 20.Bxe4 Qxh4 21.g3 Qg5 
22.Bd3 Bd7 23.Rcf1 Ne4 24.Qg2 f5 25.Re3 d5 26.Bxe4 dxe4 27.Qf2 Rf8 28.d5 
Qf6 29.Rd1 g5 30.dxc6 Bxc6 31.Nd5 Qf7 32.Nb4 Rae8 33.Nxc6 bxc6 34.Qe2 Qe6 
35.Rd4 Qxa2 36.g4 c5 37.Rc4 Rb8 38.b4 Qb1+ 39.Kg2 Rbd8 40.bxc5 Rd1 41.gxf5
Rg1+ 42.Kh3 g4+ 43.Kh4 Qb8 44.Rcxe4 g3 45.Rg4 gxh2 46.Re7+ Kh8 47.Rh7+ 1-0

[Event "8th Lost Boys op"]
[Site "Amsterdam NED"]
[Date "2000.08.11"]
[Round "1"]
[White "Blokhuis, Jeroen"]
[Black "Van der Werf, Mark"]
[Result "1/2-1/2"]
[WhiteElo "2240"]
[BlackElo "2429"]
[EventDate "2000.08.11"]
[PlyCount "58"]

1.e4 c5 2.Nc3 e6 3.Nge2 Nc6 4.g3 d5 5.exd5 exd5 6.Bg2 Nf6 7.d4 Bg4 8.h3 
Be6 9.O-O cxd4 10.Nxd4 Be7 11.Nxe6 fxe6 12.Re1 Qd7 13.h4 O-O 14.Bh3 Nd8 
15.Qe2 Bc5 16.Bf4 Rc8 17.Bxe6+ Nxe6 18.Qxe6+ Qxe6 19.Rxe6 Bd4 20.Be5 Bxe5 
21.Rxe5 d4 22.Nb5 Rxc2 23.Nxd4 Rxb2 24.Rc1 Rd2 25.Rc4 Ng4 26.Re2 Rxe2 27.
Nxe2 Nxf2 28.Nf4 Ng4 29.Rc2 Rf7 1/2-1/2

[Event "8th Lost Boys op"]
[Site "Amsterdam NED"]
[Date "2000.08.11"]
[Round "1"]
[White "Roebers, Jan"]
[Black "Jonkman, Harmen"]
[Result "1/2-1/2"]
[WhiteElo "2237"]
[BlackElo "2424"]
[EventDate "2000.08.11"]
[PlyCount "156"]

1.e4 e5 2.Nf3 Nc6 3.Bb5 Nf6 4.d3 Bc5 5.Bxc6 dxc6 6.O-O Qe7 7.Nbd2 Bg4 8.h3
Bh5 9.Nc4 Nd7 10.a3 f6 11.b4 Bd4 12.Rb1 Nb6 13.Ne3 Na4 14.Nf5 Nc3 15.Nxe7 
Nxd1 16.Nxd4 exd4 17.Nf5 Nc3 18.Ra1 O-O-O 19.g4 Bf7 20.Nxg7 h5 21.g5 Ne2+ 
22.Kh1 Nxc1 23.Raxc1 fxg5 24.f4 Rh7 25.Nf5 gxf4 26.Rxf4 b6 27.Rcf1 Be6 28.
R1f2 c5 29.bxc5 bxc5 30.Rg2 Kd7 31.Ng7 Ba2 32.Rf5 Kc6 33.Rg6+ Rd6 34.Rgg5 
c4 35.dxc4 Bb1 36.Ne8 Re6 37.Rc5+ Kb7 38.Rb5+ Kc8 39.Rxb1 Rxe8 40.e5 Re6 
41.c5 Rc6 42.Rb5 Ra6 43.Rb4 Rxa3 44.c6 Rh8 45.e6 Ra6 46.Rc4 Ra3 47.Rb5 Re8
48.Rcb4 Kd8 49.Rxd4+ Ke7 50.Rxh5 Rc3 51.Rh6 Rg8 52.Rd7+ Ke8 53.Rd2 Rxc6 
54.Re2 Rg7 55.Rh5 Ke7 56.Ra5 Rc3 57.Rxa7 Rg6 58.Ra6 Rh6 59.Rc6 Rcxh3+ 60.
Kg2 Rh2+ 61.Kf1 Rxe2 62.Kxe2 Rxe6+ 63.Rxe6+ Kxe6 64.Kd3 Kd5 65.c4+ Ke5 66.
Ke3 c5 67.Kd3 Kf4 68.Kc3 Ke4 69.Kb3 Kd4 70.Kb2 Kxc4 71.Kc2 Kb4 72.Kb2 c4 
73.Kc2 c3 74.Kc1 Kc4 75.Kc2 Kd4 76.Kc1 Kd3 77.Kd1 c2+ 78.Kc1 Kc3 1/2-1/2

[Event "8th Lost Boys op"]
[Site "Amsterdam NED"]
[Date "2000.08.11"]
[Round "1"]
[White "Ree, Hans"]
[Black "Remmel, Tim"]
[Result "1-0"]
[WhiteElo "2417"]
[BlackElo "2225"]
[EventDate "2000.08.11"]
[PlyCount "53"]

1.d4 Nf6 2.c4 a6 3.Nf3 c5 4.d5 b5 5.Qc2 e6 6.e4 exd5 7.exd5 d6 8.Nc3 b4 9.
Ne4 Qe7 10.Bd3 Nxe4 11.O-O f5 12.Re1 Kd8 13.Bxe4 fxe4 14.Rxe4 Qf7 15.Ng5 
Qg6 16.Qa4 a5 17.Bf4 Be7 18.Ne6+ Bxe6 19.Rxe6 Qe8 20.Qb3 Qf7 21.Qg3 Nd7 
22.Bxd6 Bxd6 23.Qxd6 Rf8 24.f3 Ra7 25.Rae1 Kc8 26.Re7 Qg6 27.Rxd7 1-0

[Event "8th Lost Boys op"]
[Site "Amsterdam NED"]
[Date "2000.08.11"]
[Round "1"]
[White "Bosch, Jeroen"]
[Black "Lahaye, Rick"]
[Result "1-0"]
[WhiteElo "2405"]
[BlackElo "2220"]
[EventDate "2000.08.11"]
[PlyCount "143"]

1.d4 d5 2.c4 c6 3.Nc3 Nf6 4.e3 g6 5.Nf3 Bg7 6.Be2 O-O 7.O-O dxc4 8.Bxc4 b5
9.Bb3 Nbd7 10.Re1 Nb6 11.h3 Nfd7 12.Bd2 Bb7 13.Rc1 Rc8 14.e4 a5 15.a3 e5 
16.Bg5 Qe8 17.d5 b4 18.axb4 axb4 19.dxc6 Bxc6 20.Na2 h6 21.Bd2 Nf6 22.Bxb4
Bxe4 23.Rxc8 Nxc8 24.Bxf8 Bxf8 25.Nc3 Nd6 26.Nxe4 Ndxe4 27.Qc2 Qb8 28.Bc4 
Qa8 29.Nxe5 Bc5 30.Nd3 Bb6 31.b4 Kg7 32.Bb5 Ng5 33.Qc6 Qb8 34.Nc5 Bxc5 35.
bxc5 Qf4 36.Re3 Nfe4 37.Re2 Qc1+ 38.Kh2 Qf4+ 39.g3 Qf5 40.Qd7 Qxc5 41.h4 
Ne6 42.Qc6 Qxc6 43.Bxc6 Nf6 44.Rd2 g5 45.Bd5 Nf8 46.hxg5 hxg5 47.f3 Ng6 
48.Kg2 Ne7 49.Bb7 Nf5 50.Kf2 Ne7 51.Rd1 Ng6 52.Be4 Ne5 53.Bf5 Nc6 54.g4 
Ne7 55.Be4 Ne8 56.Rd7 Kf6 57.Ra7 Nd6 58.Ke3 Ne8 59.Ra6+ Ke5 60.Ra5+ Kf6 
61.Ra6+ Ke5 62.Ra7 Kf6 63.f4 gxf4+ 64.Kxf4 Nc8 65.g5+ Kg7 66.Rd7 Ncd6 67.
Bd3 Kf8 68.Ke5 Nc8 69.Bb5 Kg7 70.Rd8 Nc7 71.Rxc8 Nxb5 72.Rc5 1-0

[Event "8th Lost Boys op"]
[Site "Amsterdam NED"]
[Date "2000.08.11"]
[Round "1"]
[White "Van den Berg, Adrianus M. J."]
[Black "Kidambi, Sundararajan"]
[Result "1-0"]
[WhiteElo "2217"]
[BlackElo "2404"]
[EventDate "2000.08.11"]
[PlyCount "167"]

1.e4 e5 2.Nf3 Nc6 3.Nc3 Nf6 4.Bb5 Bb4 5.O-O O-O 6.d3 d6 7.Bxc6 bxc6 8.Ne2 
h6 9.Ng3 Re8 10.c3 Ba5 11.Qa4 Bb6 12.Qxc6 Rb8 13.Qa4 d5 14.h3 Qd6 15.Qc2 
Bb7 16.Re1 c5 17.c4 dxc4 18.dxc4 Rbd8 19.Bd2 Qd3 20.Qxd3 Rxd3 21.Bc3 Bc7 
22.Re2 Ba6 23.Nd2 Nd7 24.Nf5 Nb6 25.Re3 Rxe3 26.Nxe3 Na4 27.Nd5 Bd8 28.Rc1
Bg5 29.Rc2 Nxc3 30.Nxc3 Rb8 31.b3 Bb7 32.Nf3 Rd8 33.Nxg5 hxg5 34.Nd5 Kf8 
35.f3 Bc6 36.Kf2 a5 37.Ke3 a4 38.Rb2 axb3 39.Rxb3 Ra8 40.Nc3 Ke7 41.Kd2 
Kd6 42.Rb2 Kc7 43.Ke3 Ra3 44.Rb3 Ra8 45.Kf2 Rd8 46.Nd5+ Bxd5 47.exd5 Ra8 
48.a3 Ra4 49.Rc3 Ra8 50.Re3 Kd6 51.Rb3 Kc7 52.Ke3 f5 53.Kd2 Ra4 54.Rc3 Kd6
55.Kd3 Kc7 56.Kc2 Ra8 57.Re3 Kd6 58.Rb3 Kc7 59.Rb5 Rxa3 60.Rxc5+ Kd7 61.
Rb5 Kc7 62.Rb3 Ra2+ 63.Rb2 Ra3 64.Kd2 e4 65.fxe4 fxe4 66.Ke2 Kd6 67.Rc2 
Kc5 68.Rd2 Kd6 69.c5+ Kxc5 70.d6 Ra8 71.Ke3 Rd8 72.Kxe4 Rxd6 73.Rxd6 Kxd6 
74.Kf5 Ke7 75.Kxg5 Kf7 76.h4 Kg8 77.Kg6 Kh8 78.h5 Kg8 79.h6 gxh6 80.Kxh6 
Kh8 81.g4 Kg8 82.g5 Kh8 83.g6 Kg8 84.g7 1-0

[Event "8th Lost Boys op"]
[Site "Amsterdam NED"]
[Date "2000.08.11"]
[Round "1"]
[White "Peng, Zhaoqin"]
[Black "Happel, Hendrik"]
[Result "1-0"]
[WhiteElo "2403"]
[BlackElo "2216"]
[EventDate "2000.08.11"]
[PlyCount "89"]

1.d4 Nf6 2.c4 e6 3.Nf3 b6 4.g3 Ba6 5.b3 Bb4+ 6.Bd2 Be7 7.Bg2 c6 8.O-O O-O 
9.Qc2 d5 10.Rd1 Nbd7 11.Bf4 Rc8 12.Nc3 Nh5 13.Bd2 f5 14.Ne5 Nxe5 15.dxe5 
Qe8 16.e3 g5 17.Ne2 Qf7 18.a4 Rfd8 19.Nd4 Ng7 20.a5 Bb7 21.axb6 axb6 22.
Ra7 Bf8 23.Rda1 Qc7 24.h3 Qb8 25.cxd5 cxd5 26.Qd3 Bc6 27.f4 gxf4 28.gxf4 
Bd7 29.Qa6 Rc7 30.Bf1 Rdc8 31.b4 Kf7 32.Be2 Ke8 33.Ra8 Qb7 34.Qxb7 Rxb7 
35.Rxc8+ Bxc8 36.Ra8 Kd8 37.Ba6 Rc7 38.Rb8 Kd7 39.Bb5+ Kd8 40.Rxb6 Bd7 41.
Kf2 Ra7 42.Rb8+ Ke7 43.Bxd7 Rxd7 44.b5 Rd8 45.Bb4+ 1-0

[Event "8th Lost Boys op"]
[Site "Amsterdam NED"]
[Date "2000.08.11"]
[Round "1"]
[White "Sadewasser, Axel"]
[Black "Wiersma, Eelke"]
[Result "0-1"]
[WhiteElo "2211"]
[BlackElo "2402"]
[EventDate "2000.08.11"]
[PlyCount "46"]

1.d4 Nf6 2.c4 c5 3.d5 b5 4.cxb5 a6 5.b6 e6 6.Nc3 Nxd5 7.Nxd5 exd5 8.Qxd5 
Nc6 9.Bd2 Be7 10.Bc3 O-O 11.e4 Qxb6 12.Nf3 Bb7 13.Qd2 Rad8 14.Bc4 Nb4 15.
Bxb4 Qxb4 16.Qxb4 cxb4 17.Bd5 Bxd5 18.exd5 Rc8 19.O-O Bf6 20.Rab1 Rc2 21.
b3 Bc3 22.Ne1 Rxa2 23.Nd3 d6 0-1

[Event "8th Lost Boys op"]
[Site "Amsterdam NED"]
[Date "2000.08.11"]
[Round "1"]
[White "Krnic, Zdenko"]
[Black "Erwich, Marc"]
[Result "0-1"]
[WhiteElo "2401"]
[BlackElo "2205"]
[EventDate "2000.08.11"]
[PlyCount "82"]

1.Nf3 Nf6 2.c4 b6 3.g3 Bb7 4.Bg2 e6 5.O-O Be7 6.Nc3 O-O 7.Re1 d5 8.cxd5 
exd5 9.d4 Na6 10.Ne5 c5 11.Be3 Nc7 12.Rc1 Ne6 13.dxc5 bxc5 14.Na4 Rc8 15.
Nd3 Qa5 16.Bd2 Qb5 17.Nf4 Nxf4 18.Bxf4 d4 19.Qb3 Qxb3 20.axb3 Bd5 21.Bxd5 
Nxd5 22.Rc4 Nxf4 23.gxf4 Rb8 24.Nxc5 Bxc5 25.Rxc5 Rxb3 26.Rd5 Rxb2 27.Rxd4
Ra2 28.Rd7 Rc8 29.Kg2 g6 30.Kf3 Rc3+ 31.e3 Rcc2 32.Rb1 Rxf2+ 33.Kg3 Rg2+ 
34.Kf3 Rgb2 35.Re1 Rc2 36.Rb1 Rab2 37.Ra1 Rf2+ 38.Kg3 Rg2+ 39.Kf3 f5 40.
Rf1 Rxh2 41.Kg3 h5 0-1

[Event "8th Lost Boys op"]
[Site "Amsterdam NED"]
[Date "2000.08.11"]
[Round "1"]
[White "Van Oosterom, Erik"]
[Black "Blees, Albert"]
[Result "1-0"]
[WhiteElo "2194"]
[BlackElo "2389"]
[EventDate "2000.08.11"]
[PlyCount "63"]

1.d4 Nf6 2.Nf3 g6 3.Nc3 d5 4.Bf4 Bg7 5.e3 O-O 6.Be2 c5 7.Ne5 cxd4 8.exd4 
Qb6 9.O-O Nc6 10.Nxc6 bxc6 11.Na4 Qa5 12.c3 Nd7 13.Re1 e5 14.dxe5 Nxe5 15.
Bf1 Re8 16.h3 Bf5 17.Be3 Nd7 18.b4 Qc7 19.Qd2 Be5 20.Rac1 Bh2+ 21.Kh1 Bd6 
22.c4 dxc4 23.Red1 Bf8 24.Rxc4 Ne5 25.Rd4 a5 26.bxa5 Rxa5 27.Nc3 Ra3 28.
Ne4 Bxe4 29.Rxe4 Rea8 30.f4 Rxa2 31.Qd4 Nf3 32.gxf3 1-0

[Event "8th Lost Boys op"]
[Site "Amsterdam NED"]
[Date "2000.08.11"]
[Round "1"]
[White "Ravi, Thandalam Shanmugam"]
[Black "Nep, Ron"]
[Result "0-1"]
[WhiteElo "2385"]
[BlackElo "2192"]
[EventDate "2000.08.11"]
[PlyCount "78"]

1.e4 c6 2.d4 d5 3.exd5 cxd5 4.c4 Nf6 5.Nc3 e6 6.Nf3 Bb4 7.Be3 dxc4 8.Bxc4 
O-O 9.O-O Qc7 10.Qe2 Bxc3 11.bxc3 b6 12.Ne5 Bb7 13.Bf4 Bd5 14.Bg3 Qb7 15.
Bxd5 Qxd5 16.a4 Rc8 17.Rfc1 Nc6 18.Nc4 Na5 19.Nxa5 Qxa5 20.c4 Rc6 21.f3 
Rac8 22.Be1 Qf5 23.Bd2 Ne8 24.a5 Nd6 25.axb6 axb6 26.Be3 h6 27.c5 bxc5 28.
Rxc5 Rxc5 29.dxc5 Qxc5 30.Re1 Nf5 31.Bf2 Qc3 32.Rd1 Rb8 33.g4 Ne7 34.Bd4 
Qb3 35.Rc1 Nc6 36.Ba1 Qd5 37.Kg2 Rb3 38.Rd1 Qc5 39.Qe1 Rb4 0-1

[Event "8th Lost Boys op"]
[Site "Amsterdam NED"]
[Date "2000.08.11"]
[Round "1"]
[White "Hopman, Pieter"]
[Black "Hendriks, Willy"]
[Result "1/2-1/2"]
[WhiteElo "2188"]
[BlackElo "2378"]
[EventDate "2000.08.11"]
[PlyCount "63"]

1.d4 Nf6 2.c4 c5 3.d5 b5 4.cxb5 a6 5.bxa6 g6 6.Nc3 Bxa6 7.Nf3 d6 8.g3 Bg7 
9.Bg2 Nbd7 10.Rb1 O-O 11.b3 Ne8 12.Bb2 Qa5 13.Qc2 Nc7 14.O-O Rfb8 15.Rfd1 
Rb4 16.Bh3 Ne5 17.Nd2 Bc8 18.Bxc8 Rxc8 19.Nf1 Qa8 20.Ne3 Rcb8 21.Ba1 Qa6 
22.Kg2 Qa8 23.Kg1 Qa6 24.Kg2 Qb7 25.Kg1 Qa8 26.h3 Qa6 27.Kh2 Qa7 28.Kg2 
Qa8 29.Kg1 Qa6 30.Kh2 Qa8 31.Kg1 Qa6 32.Kh2 1/2-1/2

[Event "8th Lost Boys op"]
[Site "Amsterdam NED"]
[Date "2000.08.11"]
[Round "1"]
[White "Konguvel, Ponnuswamy"]
[Black "Amesz, Jaap"]
[Result "1-0"]
[WhiteElo "2377"]
[BlackElo "2185"]
[EventDate "2000.08.11"]
[PlyCount "167"]

1.e4 c5 2.Nf3 Nc6 3.d4 cxd4 4.Nxd4 Nf6 5.Nc3 e5 6.Ndb5 d6 7.Bg5 a6 8.Na3 
b5 9.Nd5 Be7 10.Bxf6 Bxf6 11.c3 Bg5 12.Nc2 O-O 13.a4 bxa4 14.Rxa4 a5 15.
Bc4 Rb8 16.b3 Kh8 17.O-O f5 18.exf5 Bxf5 19.Bd3 Bd7 20.Qh5 Bh6 21.Ra3 Ne7 
22.Nce3 Nxd5 23.Nxd5 Be6 24.Be4 Bxd5 25.Bxd5 Qc7 26.c4 Qc5 27.Ra2 Rxb3 28.
g4 Bf4 29.Be4 g6 30.Bxg6 h6 31.Be4 Qxc4 32.Qg6 Qg8 33.Rxa5 Qxg6 34.Bxg6 
Kg7 35.Be4 Rh3 36.Rd1 Rd8 37.Ra7+ Kf6 38.Bd5 Rh4 39.Rf7+ Kg6 40.Rb1 Rxg4+ 
41.Kf1 Bg5 42.Rbb7 Rf4 43.Rg7+ Kh5 44.Rb3 Rf6 45.Rg3 Rdf8 46.f3 Rf4 47.Kg2
R8f6 48.Bc6 Rf8 49.Bd7 R4f5 50.Rh3+ Bh4 51.Rg4 Rg5 52.Rxh4+ Kg6 53.Rxg5+ 
hxg5 54.Rc4 Rd8 55.Rc7 d5 56.Kf2 Rf8 57.Rc6+ Rf6 58.Be8+ Kg7 59.Rc5 e4 60.
Rxd5 Rxf3+ 61.Kg2 Kf6 62.Rc5 Rf5 63.Rc1 Re5 64.Bc6 Kf5 65.Rf1+ Ke6 66.Kg3 
Kd6 67.Bb7 Kc5 68.Kg4 Kd4 69.Rd1+ Kc3 70.Re1 e3 71.Bf3 Kd2 72.Rd1+ Kc2 73.
h3 Kc3 74.Be2 Kc2 75.Rd3 Kc1 76.Kf3 Rf5+ 77.Kxe3 Kc2 78.Rd4 Re5+ 79.Kf3 
Kc3 80.Rd8 Re7 81.Rd5 Rh7 82.Kg3 Re7 83.Bf3 Rg7 84.Kg4 1-0

[Event "8th Lost Boys op"]
[Site "Amsterdam NED"]
[Date "2000.08.11"]
[Round "1"]
[White "Smeets, Jan"]
[Black "Wendt, Rene"]
[Result "1-0"]
[WhiteElo "2183"]
[BlackElo "2373"]
[EventDate "2000.08.11"]
[PlyCount "109"]

1.e4 c5 2.Nf3 d6 3.d4 cxd4 4.Nxd4 Nf6 5.Nc3 a6 6.Be2 e6 7.O-O Be7 8.Be3 
Qc7 9.a4 O-O 10.f4 Nc6 11.Kh1 Re8 12.Bf3 Bd7 13.Nb3 b6 14.g4 Bc8 15.g5 Nd7
16.Bg2 Bf8 17.Qh5 Bb7 18.Rf3 g6 19.Qh4 Bg7 20.Rh3 Nf8 21.f5 Bxc3 22.f6 h5 
23.Bf3 Nd4 24.Bxd4 Bxd4 25.Nxd4 Qc5 26.Bxh5 gxh5 27.Nf3 Bxe4 28.Qxe4 Qf5 
29.Qxf5 exf5 30.Nd4 Ng6 31.Nxf5 Re2 32.Re3 Rxe3 33.Nxe3 Re8 34.Nf5 Re2 35.
Rd1 Ne5 36.Nd4 Rf2 37.Kg1 Rf4 38.Ne2 Rxa4 39.Rxd6 b5 40.Kf2 Kh7 41.h3 Ra2 
42.Rd5 Ng6 43.Rd7 Nh8 44.Nd4 Rxb2 45.Ra7 Ra2 46.Kf3 Ra3+ 47.Ke4 Rxh3 48.
Ne6 Rc3 49.Nf8+ Kg8 50.Ra8 h4 51.Kf5 Rc5+ 52.Kg4 h3 53.Kh5 h2 54.Ng6+ Kh7 
55.Rxh8# 1-0

[Event "8th Lost Boys op"]
[Site "Amsterdam NED"]
[Date "2000.08.11"]
[Round "1"]
[White "Bellin, Robert"]
[Black "Doggers, Peter"]
[Result "1/2-1/2"]
[WhiteElo "2369"]
[BlackElo "2146"]
[EventDate "2000.08.11"]
[PlyCount "53"]

1.e4 c5 2.Nf3 d6 3.d4 cxd4 4.Nxd4 Nf6 5.Nc3 a6 6.Bd3 Nc6 7.Nxc6 bxc6 8.O-O
e5 9.Qe2 Be7 10.b3 O-O 11.Bb2 a5 12.Na4 Be6 13.c4 Qc7 14.c5 dxc5 15.Rac1 
Nd7 16.Ba3 Rfd8 17.Bb1 Qa7 18.Qe3 f5 19.Rc3 Bf8 20.Nb2 c4 21.Qxa7 Rxa7 22.
Bxf8 Nxf8 23.Nxc4 a4 24.Ne3 axb3 25.axb3 Rd2 26.Bc2 Bd7 27.Rd1 1/2-1/2

[Event "8th Lost Boys op"]
[Site "Amsterdam NED"]
[Date "2000.08.11"]
[Round "1"]
[White "De Vilder, Hans"]
[Black "Berkvens, Joost"]
[Result "0-1"]
[WhiteElo "2146"]
[BlackElo "2364"]
[EventDate "2000.08.11"]
[PlyCount "68"]

1.e4 e5 2.Bc4 Nf6 3.d3 c6 4.Nf3 d5 5.Bb3 Bd6 6.exd5 cxd5 7.Nc3 d4 8.Ne2 
O-O 9.O-O Nc6 10.Ng3 h6 11.Nh4 Re8 12.Nhf5 Bf8 13.f4 e4 14.dxe4 Nxe4 15.
Nxe4 Bxf5 16.Ng3 Qf6 17.Nxf5 Qxf5 18.Rf3 Bb4 19.Bd2 Qc5 20.Kh1 Re4 21.c3 
dxc3 22.bxc3 Ba5 23.Rg3 Rd8 24.Qg4 Qf8 25.Qf5 Qe7 26.Qg4 Qf6 27.Re1 Rxe1+ 
28.Bxe1 Ne5 29.Qe2 Qxf4 30.h3 Bc7 31.Re3 Ng4 32.Bg3 Qxe3 33.Qxe3 Nxe3 34.
Bxc7 Rd2 0-1

[Event "8th Lost Boys op"]
[Site "Amsterdam NED"]
[Date "2000.08.11"]
[Round "1"]
[White "Van Blitterswijk, Stefan"]
[Black "Azadmanesh, Moosa"]
[Result "1-0"]
[WhiteElo "2351"]
[BlackElo "2141"]
[EventDate "2000.08.11"]
[PlyCount "41"]

1.e4 c5 2.Nf3 d6 3.d4 cxd4 4.Nxd4 Nf6 5.Nc3 a6 6.Bc4 e6 7.O-O b5 8.Bb3 Be7
9.Qf3 Qc7 10.Qg3 Nc6 11.Nxc6 Qxc6 12.Re1 Bb7 13.a3 O-O 14.Bh6 Ne8 15.Rad1 
Rd8 16.Rd3 Kh8 17.Bg5 Bxg5 18.Qxg5 Nf6 19.Ree3 Qc5 20.e5 dxe5 21.Rg3 1-0

[Event "8th Lost Boys op"]
[Site "Amsterdam NED"]
[Date "2000.08.11"]
[Round "1"]
[White "Molinari, Gabriel"]
[Black "Kiseleva, Natalia"]
[Result "1-0"]
[WhiteElo "2121"]
[BlackElo "2323"]
[EventDate "2000.08.11"]
[PlyCount "99"]

1.e4 c5 2.Nc3 e6 3.g3 d5 4.Bg2 dxe4 5.Nxe4 Bd7 6.Nf3 Qc7 7.O-O Bc6 8.d3 
Nd7 9.Re1 O-O-O 10.Neg5 Nh6 11.Bd2 Bd6 12.a3 Nf6 13.b4 Nf5 14.bxc5 Bxc5 
15.Ne5 Bxg2 16.Kxg2 Rhf8 17.Rb1 h6 18.Ngf3 g5 19.Bb4 Nd5 20.c4 Bxb4 21.
cxd5 Bxe1 22.Qxe1 Rxd5 23.Qb4 Rfd8 24.Rb3 Kb8 25.Rc3 Qb6 26.Qc4 Ne7 27.Rb3
Qc7 28.Nxf7 Rf8 29.Nxh6 Qxc4 30.dxc4 Rc5 31.Re3 Nf5 32.Nxf5 Rcxf5 33.h3 e5
34.g4 Rf4 35.Nxe5 Rxf2+ 36.Kg3 Kc7 37.Nf3 Rc2 38.Nd4 Rcf2 39.Ne6+ Kd6 40.
Nxf8 Rxf8 41.h4 gxh4+ 42.Kxh4 Rf4 43.Kh5 Rxc4 44.g5 Rc1 45.g6 Rh1+ 46.Kg5 
b5 47.g7 Rg1+ 48.Kf6 a5 49.Re6+ Kd7 50.Re5 1-0